Detalles MARC
| 000 -LEADER |
| fixed length control field |
02148cam a2200409 i 4500 |
| 001 - CONTROL NUMBER |
| control field |
18140 |
| 003 - CONTROL NUMBER IDENTIFIER |
| control field |
Mx-PuUPA |
| 005 - DATE AND TIME OF LATEST TRANSACTION |
| control field |
20230815151427.0 |
| 008 - FIXED-LENGTH DATA ELEMENTS--GENERAL INFORMATION |
| fixed length control field |
140415s1859 sp a gr 000 d spa d |
| 040 ## - CATALOGING SOURCE |
| Original cataloging agency |
Mx-PuUPA |
| Language of cataloging |
spa |
| Transcribing agency |
Mx-PuUPA |
| Modifying agency |
Mx-PuUPA |
| Description conventions |
rda |
| 041 1# - LANGUAGE CODE |
| Language code of text/sound track or separate title |
spa |
| Language code of original |
und |
| 245 00 - TITLE STATEMENT |
| Title |
Anales dramaticos del crimen o causas celebres españolas y estranjeras / |
| Remainder of title |
estractadas de los originales y traducidas, bajo la dirección de Jose Vicente y Caravantes ; Gaspar y Roig, editores |
| 246 10 - VARYING FORM OF TITLE |
| Title proper/short title |
Causas celebres españolas y estajeras |
| 246 10 - VARYING FORM OF TITLE |
| Display text |
Título corregido: |
| Title proper/short title |
Anales dramáticos del crimen o causas celebres españolas y extranjeras |
| 246 18 - VARYING FORM OF TITLE |
| Display text |
Causas celebres |
| 264 #1 - PRODUCTION, PUBLICATION, DISTRIBUTION, MANUFACTURE, AND COPYRIGHT NOTICE |
| Place of production, publication, distribution, manufacture |
Madrid : |
| Name of producer, publisher, distributor, manufacturer |
Imprenta y Libreria de Gaspar y Roig, |
| Date of production, publication, distribution, manufacture, or copyright notice |
1859-1869 |
| 300 ## - PHYSICAL DESCRIPTION |
| Extent |
5 volúmenes : |
| Other physical details |
ilustraciones ; |
| Dimensions |
29 cm |
| 336 ## - CONTENT TYPE |
| Fuente |
rdacontent |
| Content type term |
texto |
| Content type code |
txt |
| 336 ## - CONTENT TYPE |
| Fuente |
rdacontent |
| Content type term |
imagen fija |
| Content type code |
sti |
| 337 ## - MEDIA TYPE |
| Source |
rdamedia |
| Media type term |
sin medio |
| Media type code |
n |
| 338 ## - CARRIER TYPE |
| Source |
rdacarrier |
| Carrier type term |
volumen |
| Carrier type code |
nc |
| 500 ## - GENERAL NOTE |
| General note |
Folio menor, lomo liso. 5 volúmenes. Texto a dos columnas. Abundantes viñetas litográficas. |
| 500 ## - GENERAL NOTE |
| General note |
El título propiamente dicho contiene una errata: dice "estranjera", debe decir "extranjera". |
| 500 ## - GENERAL NOTE |
| General note |
La obra completa presenta deterioro por manchas de humedad, algunas hojas presentan leves pintas de óxido. |
| 500 ## - GENERAL NOTE |
| General note |
Pastas y lomos gastados. Encuadernados en pasta dura, hojas contraguarda y guarda volante tipo holandesa. |
| 500 ## - GENERAL NOTE |
| General note |
Tomo 1 presenta desprendimiento de cubierta. |
| 500 ## - GENERAL NOTE |
| General note |
"Ilustradas con grabados intercalados en el testo, que representan las vistas y planos de los lugares donde se perpetró el delito, los instrumentos de su ejecución, y los retratos de los delincuentes y de sus víctimas". -- Portada. |
| 650 #7 - SUBJECT ADDED ENTRY--TOPICAL TERM |
| Source of heading or term |
armarc |
| Topical term or geographic name entry element |
Causas criminales |
| 650 #7 - SUBJECT ADDED ENTRY--TOPICAL TERM |
| Source of heading or term |
armarc |
| Topical term or geographic name entry element |
Procesos |
| General subdivision |
Historia |
| Chronological subdivision |
S. XIX |
| 650 #7 - SUBJECT ADDED ENTRY--TOPICAL TERM |
| Source of heading or term |
armarc |
| Topical term or geographic name entry element |
Derecho |
| General subdivision |
Casos |
| -- |
Historia |
| 700 1# - ADDED ENTRY--PERSONAL NAME |
| Personal name |
Vicente y Caravantes, Jose, |
| Relator term |
editor |
| -- |
traductor |
| 700 1# - ADDED ENTRY--PERSONAL NAME |
| Personal name |
Gaspar, Fernando, |
| Relator term |
impresor |
| -- |
editor |
| 700 1# - ADDED ENTRY--PERSONAL NAME |
| Personal name |
Roig |
| Dates associated with a name |
impresor |
| Relator term |
editor |
| 942 ## - ADDED ENTRY ELEMENTS (KOHA) |
| Source of classification or shelving scheme |
Dewey Decimal Classification |
| Koha item type |
Libro |
| Classification part |
340.96 |
| Item part |
A532 |